000 01022nam a2200301Ia 4500
001 Para_597
003 CHAP
008 220125s1991 xx 000 0 und d
010 _a199357
040 _cCHAP
090 _aPA TESIS 671
100 _aCarrillo, Armando
_919546
245 _aControl químico de la roya lineal amarilla de la cebada (Puccinia striiformis West.) en los Estados de Hidalgo, México y Tlaxcala /
_c por Armando Carrillo
260 _aChapingo, Méx. :
_b el autor
300 _a63 h.
502 _aTesis (Ing. Agr. Esp. en Parasitología Agrícola) -- UACh. Departamento Parasitología Agrícola
650 _aCebada
_x enfermedades
_920674
650 _aCebada
_x México
_920699
650 _aPuccinia striiformis
_992831
710 _aUACh. Departamento Parasitología Agrícola
_9164025
901 _aPA TESIS 671
902 _aA
905 _a0000001991 0000000000 00
910 _a1991
942 _cPARA
942 _cPARA
_d1
999 _c199357
_d199357